[Event "Budapest Spring Open 2017"]
[Site "masterchessopen.com Budapest HUN"]
[Date "2017.03.18"]
[Round "1.34"]
[White "Baasansuren,Erdene"]
[Black "Hoang Thanh Trang"]
[Result "0-1"]
[WhiteElo "2221"]
[BlackElo "2463"]
[EventType "swiss"]

1.d4 f5 2.Nc3 Nf6 3.Bg5 d5 4.Bxf6 exf6 5.e3 Be6 6.g3 c6 7.Bg2 Bd6 8.Nge2 Nd7
9.Nf4 Bf7 10.Qd3 g6 11.h4 h5 12.Nd1 Qc7 13.b3 O-O-O 14.c3 g5 15.Ne2 f4 16.gxf4
gxf4 17.Bh3 Rde8 18.exf4 Bxf4 19.Kf1 Bh6 20.Ng3 Kb8 21.Nf5 Bg6 22.Qf3 Bd2
23.Ng3 Be4 24.Nxe4 Rxe4 25.Bf5 Re1+ 26.Kg2 Rg8+ 27.Kh3 Rxh1+ 28.Qxh1 Nf8
29.Qf3 Ng6 30.Bxg6 Rxg6 31.Ne3 Bxc3 32.Qxh5 Qc8+ 33.Kh2 Qe8 34.Qd1 Bxa1
35.Qxa1 Qe4 {#R} 0-1

[Event "Budapest Spring Open 2017"]
[Site "masterchessopen.com Budapest HUN"]
[Date "2017.03.18"]
[Round "1.36"]
[White "Koczo,K"]
[Black "Lizak,P"]
[Result "0-1"]
[WhiteElo "2214"]
[BlackElo "2453"]
[EventType "swiss"]

1.d4 Nf6 2.c4 e6 3.Nc3 Bb4 4.e3 O-O 5.Bd3 d5 6.a3 Bxc3+ 7.bxc3 c5 8.Nf3 Qc7
9.Qc2 dxc4 10.Bxc4 Nc6 11.O-O e5 12.Bd3 Re8 13.e4 exd4 14.cxd4 cxd4 15.Nxd4
Ng4 16.g3 Nge5 17.Be2 Qe7 18.Nb3 Be6 19.Bb2 Rac8 20.Bc3 Nd7 21.Rfe1 Nb6 22.Nd2
Red8 23.Nf3 Bg4 24.Qb3 Bxf3 25.Bxf3 Rd3 26.Be2 Nd4 27.Qb4 Nxe2+ 28.Rxe2 Qe6
29.Rd2 Rxd2 30.Bxd2 Rc4 31.Qa5 Ra4 32.Qg5 Rxe4 33.Qd8+ Qe8 34.Qxe8+ Rxe8
35.Be3 Re6 36.Rc1 Rc6 37.Rb1 f6 38.Rb4 Rc4 39.Rb1 Rc6 40.Rb4 Kf7 41.a4 Rc4
42.Rb1 Rxa4 43.Bxb6 axb6 44.Rxb6 Ra7 45.Kg2 Ke7 46.Kf3 Kd7 47.Ke4 Kc7 48.Rb2
Ra5 49.Kd4 b6 50.Re2 Kd6 51.Kc4 Re5 52.Ra2 Ra5 53.Re2 g5 54.Kb4 h5 55.Kc4 Rc5+
56.Kd4 Rd5+ 57.Kc4 b5+ 58.Kb4 Re5 59.Ra2 Ke6 60.f3 Kf5 61.Rf2 h4 62.Ka5 h3
63.f4 Rd5 64.fxg5+ Kxg5 65.Kb4 f5 66.Ka5 Rd1 67.Kxb5 Rg1 68.Kc4 Rg2 69.Rf4
Rxh2 70.Rh4 Rh1 71.Kc3 h2 72.Kb2 f4 73.Rxf4 Rg1 {#R} 0-1

[Event "Budapest Spring Open 2017"]
[Site "masterchessopen.com Budapest HUN"]
[Date "2017.03.18"]
[Round "1.38"]
[White "Varga,Kl"]
[Black "Grinberg,E"]
[Result "0-1"]
[WhiteElo "2209"]
[BlackElo "2451"]
[EventType "swiss"]

1.Nf3 d5 2.c4 d4 3.e3 Nc6 4.exd4 Nxd4 5.Nxd4 Qxd4 6.Nc3 c6 7.d3 Nh6 8.Ne2 Qb6
9.d4 Nf5 10.Qb3 g6 11.Bd2 Bg7 12.Bc3 O-O 13.O-O-O Rd8 14.c5 Qxb3 15.axb3 h5
16.g3 Be6 17.Kc2 Bd5 18.Rg1 e5 19.Bg2 Bxg2 20.Rxg2 exd4 21.Ba5 Rd5 22.b4 Be5
23.Nf4 Bxf4 24.gxf4 Rd7 25.Kd3 Rb8 {#R} 0-1

[Event "Budapest Spring Open 2017"]
[Site "masterchessopen.com Budapest HUN"]
[Date "2017.03.18"]
[Round "1.39"]
[White "Nagy,Ga1"]
[Black "Halak,M"]
[Result "1-0"]
[WhiteElo "2448"]
[BlackElo "2203"]
[EventType "swiss"]

1.Nf3 g6 2.e4 Bg7 3.d4 d6 4.Bc4 a6 5.Bb3 Nc6 6.c3 Nf6 7.Nbd2 Bg4 8.h3 Bxf3
9.Qxf3 e5 10.dxe5 Nxe5 11.Qe2 O-O 12.O-O Qe7 13.Re1 Rfe8 14.f4 Ned7 15.Bc2 a5
16.Rb1 Nc5 17.a4 Qd7 18.e5 Nd5 19.Nf3 Nxa4 20.Be4 Ndxc3 21.bxc3 Nxc3 22.Qc2
Nxb1 23.Bxb7 Rab8 24.Bc6 Qd8 25.Bxe8 Qxe8 26.exd6 Qb5 27.Qxc7 Bf6 28.Ne5 Rf8
29.Ng4 Bd8 30.Qc2 h5 31.Ne5 Qb4 32.Nd3 Qd4+ 33.Be3 Na3 34.Qb3 Qxd6 35.Bc5 Bb6
36.Qxb6 Qxd3 37.Bxf8 Kxf8 38.Qf6 {#r} 1-0

[Event "Budapest Spring Open 2017"]
[Site "masterchessopen.com Budapest HUN"]
[Date "2017.03.18"]
[Round "1.40"]
[White "Biro,S"]
[Black "Livaic,Leon"]
[Result "0-1"]
[WhiteElo "2199"]
[BlackElo "2446"]
[EventType "swiss"]

1.e4 e6 2.Nf3 d5 3.Nc3 Nf6 4.e5 Nfd7 5.d4 c5 6.dxc5 Nc6 7.Bf4 Bxc5 8.Bd3 a6
9.h4 b5 10.h5 h6 11.Qd2 Nb6 12.Nd1 Bb7 13.O-O d4 14.Be4 Qd7 15.c3 Rd8 16.Rc1
Nc4 17.Qe1 d3 18.Nd2 Ne7 19.Bxb7 Qxb7 20.Ne4 Qd5 21.Ra1 Nc6 22.a4 Be7 23.axb5
axb5 24.Ra6 O-O 25.b3 N4xe5 26.c4 bxc4 27.Ndc3 Qd7 28.bxc4 Nxc4 29.Qa1 e5
30.Bh2 Nb4 31.Ra7 Qe6 32.Nb5 f5 33.Nc7 Qf7 34.Nc3 Bc5 35.Rb7 Rd7 36.N3b5 d2
37.Rd1 Qxh5 38.Qa4 Nb2 39.Nc3 Nxa4 {#R} 0-1

[Event "17th Mediterranean Flower"]
[Site "masterchessopen.com Rijeka CRO"]
[Date "2017.03.18"]
[Round "9.2"]
[White "Berke,A"]
[Black "Nikolova,A"]
[Result "0-1"]
[WhiteElo "2153"]
[BlackElo "2339"]

1.e4 c5 2.Nf3 Nc6 3.Bb5 g6 4.O-O Bg7 5.Re1 e5 6.c3 Nge7 7.d4 cxd4 8.cxd4 Nxd4
9.Nxd4 exd4 10.Bf4 a6 11.Bc4 d6 12.Nd2 O-O 13.Nf3 Be6 14.Rc1 Bxc4 15.Rxc4 Nc6
16.Qd2 Ne5 17.Bxe5 dxe5 18.Rec1 Qd7 19.Rc7 Qg4 20.Qd3 Rac8 21.h3 Qe6 22.Ng5
Rxc7 23.Rxc7 Qf6 24.Nf3 b5 25.a4 Qd6 26.Ra7 Qb6 27.Rd7 Qc6 28.Rd5 bxa4 29.Ra5
Qc1+ 30.Kh2 Qxb2 31.Rxa4 Qxf2 32.Rxa6 Bh6 33.Ra1 Bf4+ 34.Kh1 Rc8 35.Qb3 Rc3
36.Qb4 Kg7 {#R} 0-1

[Event "17th Mediterranean Flower"]
[Site "masterchessopen.com Rijeka CRO"]
[Date "2017.03.18"]
[Round "9.4"]
[White "Doluhanova,E"]
[Black "Drljevic,L"]
[Result "1-0"]
[WhiteElo "2270"]
[BlackElo "2257"]

1.e4 g6 2.d4 Bg7 3.Nc3 Nc6 4.Be3 d5 5.exd5 Nb4 6.a3 Nxd5 7.Nxd5 Qxd5 8.c4 Qe4
9.Nf3 Nh6 10.Bd3 Qg4 11.O-O O-O 12.Bxh6 Bxh6 13.Re1 Qd7 14.Qe2 e6 15.Rad1 Qa4
16.Ne5 Qa5 17.h4 Bg7 18.c5 Rd8 19.Bc4 Rf8 20.h5 c6 21.Rd3 Qd8 22.Qe4 Qg5
23.hxg6 hxg6 24.Rg3 Qf5 25.Qh4 Bf6 26.Qh6 Bg7 27.Qe3 Qc2 28.b3 Qb2 29.a4 Qc2
30.Rh3 Qf5 31.Bd3 Qf6 32.Qe4 Qe7 33.Qg4 Bd7 34.Ree3 Be8 35.Bc4 Rd8 36.Nxg6 Qf6
37.Rh8+ Bxh8 38.Ne7+ Kh7 39.Bd3+ Qg6 40.Nxg6 fxg6 41.Qh4+ {#r} 1-0

[Event "17th Mediterranean Flower"]
[Site "masterchessopen.com Rijeka CRO"]
[Date "2017.03.18"]
[Round "9.5"]
[White "Medic,Mir"]
[Black "Unuk,Laura"]
[Result "0-1"]
[WhiteElo "2149"]
[BlackElo "2245"]

1.d4 Nf6 2.c4 e6 3.Nf3 d5 4.Nc3 Be7 5.Bg5 h6 6.Bh4 O-O 7.e3 b6 8.cxd5 Nxd5
9.Bxe7 Nxe7 10.Bd3 Bb7 11.Rc1 Nd7 12.O-O c5 13.Ne4 cxd4 14.exd4 Nf5 15.Qe2 Nf6
16.Nxf6+ Qxf6 17.Qe5 Bxf3 18.Qxf6 gxf6 19.Bxf5 Bd5 20.Bb1 Rac8 21.f3 f5 22.Kf2
Kg7 23.Ke3 Kf6 24.a3 h5 25.Bd3 Rg8 26.Kf2 Ke7 27.Ba6 Rxc1 28.Rxc1 Kd6 29.h4 f4
30.Bd3 f6 31.Rg1 Rc8 32.g4 fxg3+ 33.Rxg3 Rc1 34.Rg6 Rh1 35.Rxf6 Rxh4 36.Ke3
Rh2 37.Rf7 Rxb2 38.Rxa7 Rb3 39.Ke2 Bxf3+ 40.Kxf3 Rxd3+ 41.Ke4 Rg3 42.a4 Rg4+
43.Ke3 h4 44.Rb7 Kc6 45.Re7 Rg6 46.Rh7 Rg4 47.Re7 Kd5 48.Rd7+ Kc4 49.Rd6 h3
50.Rxe6 Rh4 51.Rc6+ Kd5 52.Rc1 h2 53.Rh1 Rh3+ 54.Kf2 Kxd4 55.Kg2 Rh6 56.Rd1+
Kc5 57.Kh1 Rh4 58.Ra1 Kb4 59.Ra2 Ka5 60.Rb2 Rxa4 61.Kxh2 b5 62.Kg2 Rf4 63.Kg3
Rf5 64.Kg4 Rf1 65.Ra2+ Kb4 66.Rb2+ Kc4 67.Rc2+ Kb3 {#R} 0-1

[Event "74th ch-GEO w 2017"]
[Site "masterchessopen.com Tbilisi GEO"]
[Date "2017.03.18"]
[Round "7.1"]
[White "Khomeriki,N"]
[Black "Kuchava,A"]
[Result "1-0"]
[WhiteElo "2317"]
[BlackElo "2134"]

1.d4 d5 2.c4 e6 3.Nf3 Nf6 4.Nc3 Be7 5.Bg5 O-O 6.e3 h6 7.Bh4 b6 8.Bd3 Bb7 9.O-O
Nbd7 10.Bg3 c5 11.cxd5 Nxd5 12.Nxd5 Bxd5 13.Qe2 cxd4 14.Nxd4 Nc5 15.Bc2 Bd6
16.Rad1 Bxg3 17.hxg3 Qe7 18.e4 Bb7 19.b4 Nd7 20.e5 Rfd8 21.a3 a5 22.Be4 Nf8
23.Bxb7 Qxb7 24.b5 Rd5 25.Nc6 Rc5 26.Rd6 a4 27.Qb2 Rc8 28.Rfd1 Kh7 29.R1d4 Ra8
30.f4 h5 31.Kh2 g6 32.Qe2 Rc3 33.Rd8 Rxd8 34.Rxd8 Kg7 35.Qd2 Rb3 36.Qd6 Nh7
37.Rb8 {#r} 1-0

[Event "74th ch-GEO w 2017"]
[Site "masterchessopen.com Tbilisi GEO"]
[Date "2017.03.18"]
[Round "7.4"]
[White "Gvetadze,Sopi"]
[Black "Melia,S"]
[Result "0-1"]
[WhiteElo "2285"]
[BlackElo "2394"]

1.e4 c5 2.Nf3 Nc6 3.Bb5 e6 4.Bxc6 bxc6 5.d3 Ne7 6.e5 Ng6 7.h4 f6 8.Nc3 fxe5
9.h5 Ne7 10.h6 g6 11.Ne4 Nf5 12.g4 Be7 13.gxf5 exf5 14.Nc3 Bf6 15.Rg1 Rb8
16.Bg5 Rxb2 17.Bxf6 Qxf6 18.Qc1 Rb4 19.Qg5 Qe6 20.a3 Rf4 21.Rg3 O-O 22.O-O-O
d6 23.Re1 Qd7 24.Nxe5 dxe5 25.Rxe5 Rxf2 26.Re7 Qd6 27.Rge3 Rf1+ 28.Kd2 Rh1
29.Ne2 Kh8 30.Rg7 Be6 31.Rxg6 hxg6 32.Qxg6 Qd7 33.Rxe6 Qf7 34.Qg5 Rh5 35.Qe3
f4 36.Qe4 f3 37.Re7 Qf5 38.Re8 Rxe8 39.Qxe8+ Kh7 40.Ng3 Qf4+ 41.Kc3 Qe5+
42.Qxe5 Rxe5 43.Kd2 f2 {#R} 0-1

[Event "74th ch-GEO w 2017"]
[Site "masterchessopen.com Tbilisi GEO"]
[Date "2017.03.18"]
[Round "7.5"]
[White "Khukhashvili,S"]
[Black "Tsereteli,T"]
[Result "0-1"]
[WhiteElo "2368"]
[BlackElo "2350"]

1.e4 c5 2.Nf3 Nc6 3.d4 cxd4 4.Nxd4 Nf6 5.Nc3 e5 6.Ndb5 d6 7.Bg5 a6 8.Na3 b5
9.Nd5 Be7 10.Bxf6 Bxf6 11.c3 Rb8 12.Nc2 Bg5 13.a4 bxa4 14.Ncb4 Bd7 15.Bxa6
Nxb4 16.Nxb4 Qa5 17.Bd3 Rxb4 18.cxb4 Qxb4+ 19.Kf1 O-O 20.h4 Bd8 21.Qe2 Bb6
22.Rc1 Bd4 23.Rc7 Be6 24.Rc2 Rb8 25.Bc4 a3 26.Bxe6 axb2 27.g3 b1=Q+ 28.Kg2
Qxh1+ 29.Kxh1 fxe6 30.Kg2 Bc5 31.h5 h6 32.Qg4 Qb3 33.Re2 Rf8 34.Rd2 Kh8 35.Re2
Qd1 {#R} 0-1

[Event "3rd UT-RGV IM Inv. 2017"]
[Site "masterchessopen.com Brownsville USA"]
[Date "2017.03.18"]
[Round "8.1"]
[White "Zhang,Chao"]
[Black "Hevia,A"]
[Result "0-1"]
[WhiteElo "2223"]
[BlackElo "2492"]

1.d4 Nf6 2.c4 e6 3.g3 d5 4.Nf3 Bb4+ 5.Bd2 Be7 6.Bg2 O-O 7.O-O Nbd7 8.Qc2 c6
9.Bf4 Nh5 10.Bc1 f5 11.b3 Nhf6 12.Ba3 Bxa3 13.Nxa3 Qe7 14.Qb2 b6 15.Rfc1 Bb7
16.Rc2 c5 17.Rd1 Ne4 18.cxd5 exd5 19.dxc5 bxc5 20.Nb5 Ndf6 21.Qe5 Qd7 22.Nc7
Rac8 23.Qe6+ Rf7 24.Qxd7 Rxd7 25.Ne6 d4 26.Ne1 Re7 27.Nf4 g5 28.Nfd3 Ba6
29.Rdc1 Nc3 30.e3 Nfe4 31.Bf1 Bb7 32.exd4 cxd4 33.Nb2 Rd8 34.Nc4 g4 35.Nd2 Ng5
36.h4 gxh3 37.f4 Ne2+ 38.Kh2 Nxc1 39.Rxc1 Rde8 40.fxg5 Rxe1 41.Rxe1 Rxe1
42.Kxh3 Rd1 43.Bc4+ Kg7 44.Nf1 d3 {#R} 0-1

[Event "3rd UT-RGV IM Inv. 2017"]
[Site "masterchessopen.com Brownsville USA"]
[Date "2017.03.18"]
[Round "8.2"]
[White "Haessel,D"]
[Black "Wang,Justin"]
[Result "0-1"]
[WhiteElo "2142"]
[BlackElo "2177"]

1.d4 Nf6 2.c4 c5 3.d5 b5 4.cxb5 a6 5.bxa6 g6 6.Nc3 Bg7 7.e4 O-O 8.e5 Ne8 9.Nf3
d6 10.exd6 exd6 11.Be2 Bxa6 12.O-O Nd7 13.Nb5 Nb6 14.a4 Nc7 15.Bg5 Qd7 16.Nxc7
Bxe2 17.Qxe2 Qxc7 18.Rfe1 h6 19.Bf4 Nxd5 20.Bg3 Rfd8 21.Rad1 Nb4 22.b3 Qc6
23.Qe7 Rd7 24.Qe2 Rad8 25.Qd2 Qb6 26.h4 Nc6 27.Re3 d5 28.Ne5 Nxe5 29.Bxe5 d4
30.Ree1 Qxb3 31.Qf4 f6 32.Bc7 Rc8 33.Rb1 Qf7 34.Bb6 d3 35.a5 c4 36.a6 d2
37.Rf1 c3 38.a7 Rb7 39.Qe4 f5 40.Qc6 Rxc6 41.a8=Q+ Kh7 {#R} 0-1

[Event "3rd UT-RGV IM Inv. 2017"]
[Site "masterchessopen.com Brownsville USA"]
[Date "2017.03.18"]
[Round "8.5"]
[White "Ynojosa,F"]
[Black "Serna,Jeffrey M"]
[Result "1-0"]
[WhiteElo "2378"]
[BlackElo "2022"]

1.d4 Nf6 2.c4 e6 3.Nc3 Bb4 4.e3 O-O 5.Nf3 b6 6.Bd3 Bb7 7.O-O Bxc3 8.bxc3 d6
9.Nd2 Nbd7 10.e4 Qe7 11.f4 e5 12.Qc2 Rfe8 13.Ba3 exd4 14.e5 Ng4 15.Bxh7+ Kh8
16.Be4 Ne3 17.Qd3 Nxf1 18.Qh3+ {#r} 1-0

[Event "5th Iraq Int Open 2017"]
[Site "masterchessopen.com Baghdad IRQ"]
[Date "2017.03.18"]
[Round "4.2"]
[White "Gagunashvili,M"]
[Black "Sadek,S"]
[Result "1-0"]
[WhiteElo "2567"]
[BlackElo "2315"]

1.c4 c6 2.Nf3 d5 3.e3 Nf6 4.Nc3 e6 5.Qc2 Nbd7 6.b3 Bd6 7.Be2 O-O 8.Bb2 a6
9.Rg1 b5 10.g4 b4 11.Na4 Bb7 12.c5 Be7 13.Bd3 a5 14.g5 Ne4 15.Bxe4 dxe4
16.Qxe4 Re8 17.Rc1 Bf8 18.Ne5 Nxe5 19.Bxe5 Qd5 20.Qxd5 exd5 21.d4 Ba6 22.Kd2
Bb5 23.f4 Ra7 24.f5 Rae7 25.Bf4 Re4 26.Rce1 Be7 27.Nb6 Bd8 28.Nc8 Bxg5 29.Nd6
Bxf4 30.Nxe8 Bxh2 31.Rxg7+ Kf8 32.Rxh7 Bg3 33.Rh8+ Ke7 34.Reh1 Bf2 35.R1h3 Rg4
36.Nd6 Rg1 37.Nxb5 cxb5 38.Ke2 {#r} 1-0

[Event "5th Iraq Int Open 2017"]
[Site "masterchessopen.com Baghdad IRQ"]
[Date "2017.03.18"]
[Round "4.3"]
[White "Babiy,Olga"]
[Black "Mohammed,Latif Hamid"]
[Result "1-0"]
[WhiteElo "2334"]
[BlackElo "2061"]

1.e4 c5 2.Nf3 e6 3.d4 cxd4 4.Nxd4 a6 5.Nc3 Qc7 6.Bd3 Nf6 7.Qe2 d6 8.f4 Nbd7
9.g4 g6 10.g5 Nh5 11.Be3 Nc5 12.f5 Bd7 13.Rc1 Be7 14.b4 Rc8 15.f6 Bd8 16.O-O
O-O 17.Qf2 Nxd3 18.cxd3 Qb8 19.Nde2 b5 20.Ng3 Nxg3 21.hxg3 Rc6 22.Qh2 h5 23.g4
Bb6 24.d4 Qa7 25.Ne2 Rxc1 26.Rxc1 e5 27.gxh5 Bg4 28.hxg6 fxg6 29.Rc6 Bxe2
30.Qxe2 exd4 31.Bf2 d3 32.Qxd3 Bxf2+ 33.Kg2 Bh4 34.Rxd6 Qf2+ 35.Kh3 Bxg5
36.Qd5+ Kh8 37.Qxg5 Qf3+ 38.Kh2 Qf2+ 39.Kh3 Qf3+ 40.Qg3 Qh1+ 41.Qh2 Qf3+
42.Kh4 Qxe4+ 43.Kg5+ Kg8 44.Qf4 Qg2+ 45.Kh6 Qh1+ 46.Kxg6 Qb1+ 47.Qf5 Qxa2
48.Qg5 Qf7+ 49.Kh6+ {#r} 1-0

[Event "5th Iraq Int Open 2017"]
[Site "masterchessopen.com Baghdad IRQ"]
[Date "2017.03.18"]
[Round "4.5"]
[White "Ali,L"]
[Black "Rawand,Hamid Abdullah"]
[Result "1-0"]
[WhiteElo "2264"]
[BlackElo "2032"]

1.d4 Nf6 2.Nf3 d5 3.c4 c6 4.e3 e6 5.b3 Bd6 6.Nbd2 Nbd7 7.Bb2 O-O 8.Bd3 Re8
9.Ne5 Nf8 10.O-O N6d7 11.Qh5 Qe7 12.Rae1 Bb4 13.Re2 Bxd2 14.Rxd2 Nxe5 15.dxe5
b6 16.cxd5 cxd5 17.f4 g6 18.Qh6 Nd7 19.Rc2 Nc5 20.Ba3 Bb7 21.Rf3 Qf8 22.Qxf8+
Kxf8 23.Rf1 a5 24.Bxc5+ bxc5 25.Rxc5 Ba6 26.Bxa6 Rxa6 27.Rfc1 Ra7 28.Kf2 Rb8
29.Rc8+ Rxc8 30.Rxc8+ Ke7 31.Ke2 Kd7 32.Rc5 Ke7 33.Kd3 f6 34.Kd4 g5 35.exf6+
Kxf6 36.fxg5+ Kxg5 37.Ke5 Ra6 38.Rc7 Kg6 39.Re7 {#r} 1-0

[Event "5th Iraq Int Open 2017"]
[Site "masterchessopen.com Baghdad IRQ"]
[Date "2017.03.18"]
[Round "4.7"]
[White "Didar,Mohammed Zhaher Hassan"]
[Black "Moazaz,Dhahir Habeeb"]
[Result "1-0"]
[WhiteElo "2225"]
[BlackElo "2008"]

1.d4 d5 2.Nf3 Nf6 3.e3 e6 4.Bd3 Nbd7 5.Nbd2 Bd6 6.c4 c5 7.O-O O-O 8.b3 e5
9.cxd5 exd4 10.e4 Re8 11.Re1 Bb8 12.a4 Nf8 13.h3 Ng6 14.Nc4 Nf4 15.d6 N6h5
16.e5 f6 17.Ba3 Bxh3 18.gxh3 Qc8 19.Bf1 Nxh3+ 20.Bxh3 Qxh3 21.Nh2 fxe5 22.Qg4
Nf4 23.Bxc5 Qxg4+ 24.Nxg4 Nd3 25.Bxd4 Nxe1 26.Rxe1 Re6 27.d7 Bc7 28.Ngxe5 a6
29.a5 Rd8 30.Rc1 Kf8 31.Bc5+ Kg8 32.Be3 Kf8 33.f4 Bxe5 34.Nxe5 Rxe5 35.Rc8 Ke7
36.Rxd8 Rxa5 37.Rb8 Kxd7 38.Rxb7+ Ke6 39.Rxg7 Rb5 40.Rxh7 Rxb3 41.Kf2 Ra3
42.Kf3 a5 43.Ke4 Ra1 44.f5+ Kd6 45.Bf4+ {#r} 1-0

[Event "5th Iraq Int Open 2017"]
[Site "masterchessopen.com Baghdad IRQ"]
[Date "2017.03.18"]
[Round "5.2"]
[White "Malakhatko,V"]
[Black "Babiy,Olga"]
[Result "1-0"]
[WhiteElo "2488"]
[BlackElo "2334"]

1.d4 Nf6 2.c4 e6 3.g3 d5 4.Nf3 Be7 5.Bg2 O-O 6.O-O dxc4 7.Ne5 Nc6 8.Nxc6 bxc6
9.Na3 Rb8 10.Nxc4 Nd5 11.Na5 Qe8 12.e4 Nb6 13.Qc2 Bd7 14.Bd2 Bf6 15.e5 Be7
16.Nxc6 Bxc6 17.Bxc6 Qd8 18.Be3 Nd5 19.Bxd5 Qxd5 20.Qxc7 Rb7 21.Qc2 h5 22.b3
h4 23.Qc4 Qf3 24.Rfc1 Rd7 25.Qf1 Ba3 26.Rc2 Rfd8 27.Qe2 Qf5 28.g4 Qg6 29.h3 f5
30.exf6 Qxf6 31.Rc6 Bd6 32.Re1 Rf7 33.Qa6 e5 34.d5 e4 35.Kf1 Qe5 36.Rc8 Rff8
37.Rxd8 Rxd8 38.Qc4 Rf8 39.Qd4 Qe8 40.Kg2 Rf3 41.Rc1 Rf7 42.Rc6 Rd7 43.b4 Qe7
44.Rc8+ Kf7 45.Rc4 Bb8 46.Qxe4 Qxe4+ 47.Rxe4 Rxd5 48.Rd4 {#r} 1-0

[Event "5th Iraq Int Open 2017"]
[Site "masterchessopen.com Baghdad IRQ"]
[Date "2017.03.18"]
[Round "5.4"]
[White "Ali,Ak"]
[Black "Gharagyozian,A"]
[Result "0-1"]
[WhiteElo "2278"]
[BlackElo "2179"]

1.e4 c5 2.Nf3 e6 3.d4 cxd4 4.Nxd4 a6 5.Nc3 d6 6.Be3 b5 7.Bd3 Bb7 8.O-O Nf6
9.a3 Nbd7 10.f4 Rc8 11.Kh1 Be7 12.Qf3 O-O 13.Rae1 Rxc3 14.bxc3 Nc5 15.Bd2 Qa8
16.Qh3 Ncxe4 17.Bc1 Rc8 18.Nf3 h6 19.Be3 Rxc3 20.Bd4 Rxa3 21.Ng5 hxg5 22.Bxf6
g4 23.Qxg4 Nxf6 24.Qh3 b4 25.Re3 a5 26.Rfe1 a4 27.Qh4 Bxg2+ 28.Kg1 Bd8 29.Qf2
Bb6 {#R} 0-1

[Event "5th Iraq Int Open 2017"]
[Site "masterchessopen.com Baghdad IRQ"]
[Date "2017.03.18"]
[Round "5.5"]
[White "Aliyev,E"]
[Black "Ali,L"]
[Result "1-0"]
[WhiteElo "2119"]
[BlackElo "2264"]

1.c4 Nf6 2.Nf3 c5 3.g3 d5 4.cxd5 Nxd5 5.Bg2 Nc6 6.O-O e5 7.Nc3 Nc7 8.a3 Rb8
9.Rb1 a5 10.d3 Be7 11.Nd2 Bd7 12.a4 f6 13.Nc4 Ne6 14.Nd5 O-O 15.Bd2 b6 16.f4
exf4 17.gxf4 b5 18.axb5 Rxb5 19.Ra1 f5 20.Bc3 Kh8 21.Kh1 Nc7 22.Nxc7 Qxc7
23.Ne5 Nxe5 24.fxe5 Bc6 25.Rg1 Bg5 26.Bf3 Be3 27.Rg3 f4 28.Rg4 Bd4 29.Qd2
Bxf3+ 30.exf3 Qxe5 31.Re1 Qd6 32.Bxd4 cxd4 33.Rxf4 Rbb8 34.Rxf8+ Qxf8 35.Kg2
h6 36.Re4 Qf6 37.Kg3 Rb5 38.h4 Qb6 39.Qf4 Rxb2 40.Re8+ Kh7 41.h5 Qf6 42.Qe4+
g6 43.Re7+ {#r} 1-0

[Event "5th Iraq Int Open 2017"]
[Site "masterchessopen.com Baghdad IRQ"]
[Date "2017.03.18"]
[Round "5.7"]
[White "Noori,Sabah Nori"]
[Black "Zozek,S"]
[Result "0-1"]
[WhiteElo "2070"]
[BlackElo "2289"]

1.d4 Nf6 2.Nf3 c5 3.e3 e6 4.c4 cxd4 5.Nxd4 Be7 6.Be2 O-O 7.O-O Nc6 8.Nc3 a6
9.b3 Qc7 10.Bb2 b6 11.a3 Bb7 12.Rc1 Rac8 13.h3 Rfd8 14.Qd2 Qb8 15.Rfd1 d5
16.cxd5 Nxd5 17.Nxd5 Rxd5 18.Qe1 Nxd4 19.Rxd4 Rg5 20.Rg4 Rxg4 21.hxg4 Rxc1
22.Qxc1 Qa8 23.f3 Qd8 24.Qd1 Qc7 25.f4 h6 26.b4 a5 27.Be5 Qc8 28.bxa5 bxa5
29.a4 Qa8 30.Bf3 Bxf3 31.Qxf3 Qe8 32.Qe4 Bb4 33.Qc2 Qd8 34.g3 Qa8 35.Kf2 Qh1
36.Qc8+ Kh7 37.Qc2+ f5 38.Qc7 Qe1+ 39.Kg2 Qe2+ 40.Kh1 Qxg4 41.Bc3 Qh3+ 42.Kg1
Qxg3+ 43.Kh1 Qf3+ 44.Kh2 Qe2+ 45.Kh1 Qd2 {#R} 0-1

[Event "5th Iraq Int Open 2017"]
[Site "masterchessopen.com Baghdad IRQ"]
[Date "2017.03.18"]
[Round "5.9"]
[White "Novikova,M"]
[Black "Namir,M"]
[Result "0-1"]
[WhiteElo "2055"]
[BlackElo "2179"]

1.e4 c5 2.Nf3 Nc6 3.d4 cxd4 4.Nxd4 e5 5.Nb5 d6 6.N1c3 a6 7.Na3 b5 8.Nd5 Nf6
9.Bg5 Be7 10.Bxf6 Bxf6 11.c3 O-O 12.h4 Ne7 13.Nxf6+ gxf6 14.Qf3 f5 15.exf5
Bxf5 16.Bd3 Be6 17.Qh5 f5 18.Qh6 Qd7 19.Rh3 Rf7 20.Rg3+ Kh8 21.Nc2 Ng8 22.Qd2
Nf6 23.Rh3 Rg8 24.Bf1 f4 25.Rd3 Ne4 26.Qe2 Nc5 27.Rd2 Bc4 28.Qf3 e4 29.Qh5 Rf5
30.Qd1 Nd3+ 31.Bxd3 exd3 32.Rxd3 Re5+ 33.Kf1 Qg4 34.Ne1 Bxd3+ 35.Qxd3 Qxh4
36.Kg1 Rh5 37.Qd4+ Rg7 38.Kf1 Qh1+ 39.Ke2 Re5+ 40.Kd2 Qf1 41.c4 Re2+ 42.Kc3
Rxe1 43.Rxe1 Qxe1+ 44.Kb3 Qe6 45.Qd1 {#R} 0-1

[Event "69th ch-MNE 2017"]
[Site "masterchessopen.com Bar MNE"]
[Date "2017.03.18"]
[Round "8.2"]
[White "Drasko,M"]
[Black "Petijevic,V"]
[Result "1-0"]
[WhiteElo "2441"]
[BlackElo "2303"]

1.Nf3 c5 2.g3 d5 3.Bg2 Nc6 4.O-O Nf6 5.c4 d4 6.e3 e5 7.exd4 exd4 8.d3 Be7
9.Bf4 O-O 10.Ne5 Nxe5 11.Bxe5 Ng4 12.Bf4 Bd6 13.h3 Nf6 14.Qf3 Bxf4 15.Qxf4 Be6
16.Nd2 Qd7 17.g4 Rfd8 18.Rfe1 Rac8 19.Re2 b5 20.b3 a5 21.Nf3 h6 22.Rae1 Nh7
23.Ne5 Qe8 24.Qd2 bxc4 25.bxc4 Qa4 26.f4 Bd7 27.Bd5 Be8 28.g5 Kf8 29.gxh6 g6
30.f5 g5 31.Ng6+ Kg8 32.Ne7+ Kf8 33.Nxc8 Rxc8 34.Re7 Qb4 35.Qe2 Qb8 36.Rxf7+
{#r} 1-0

[Event "69th ch-MNE 2017"]
[Site "masterchessopen.com Bar MNE"]
[Date "2017.03.18"]
[Round "8.4"]
[White "Pecurica,M"]
[Black "Nikcevic,N"]
[Result "0-1"]
[WhiteElo "2236"]
[BlackElo "2429"]

1.d4 Nf6 2.c4 e6 3.Nc3 Bb4 4.g3 c5 5.Nf3 cxd4 6.Nxd4 a6 7.Bg2 Qc7 8.Qb3 Bc5
9.Nc2 Nc6 10.Be3 b6 11.O-O Bxe3 12.Nxe3 O-O 13.Rac1 Na5 14.Qb4 Bb7 15.Bxb7
Nxb7 16.Rfd1 Rfc8 17.Rc2 Na5 18.Na4 Rab8 19.Qa3 Nc6 20.Nc3 Qb7 21.Qd6 b5 22.b3
Na5 23.Qe5 Qb6 24.Rd6 Qc7 25.Qd4 bxc4 26.bxc4 Nxc4 27.Ne4 Rb1+ 28.Nf1 Qb7
29.Rxc4 Rxc4 30.Qxc4 Nxe4 31.Rxd7 Qxd7 32.Qxe4 Qb7 {#R} 0-1

[Event "XXVII Paz de Ziganda 2017"]
[Site "masterchessopen.com Villava ESP"]
[Date "2017.03.18"]
[Round "2.1"]
[White "Del Rio de Angelis,S"]
[Black "Vinal Gutierrez,P"]
[Result "1-0"]
[WhiteElo "2514"]
[BlackElo "2007"]

1.d4 d5 2.c4 e6 3.Nc3 c6 4.Nf3 dxc4 5.e4 b5 6.a4 Bb4 7.Be2 Bb7 8.O-O Bxc3
9.bxc3 Ne7 10.e5 a6 11.Ng5 c5 12.Bf3 Bxf3 13.Qxf3 Nbc6 {#r} 1-0

[Event "XXVII Paz de Ziganda 2017"]
[Site "masterchessopen.com Villava ESP"]
[Date "2017.03.18"]
[Round "3.1"]
[White "Perez Pacheco,Ricardo"]
[Black "Del Rio de Angelis,S"]
[Result "0-1"]
[WhiteElo "2177"]
[BlackElo "2514"]

1.e4 e6 2.d4 d5 3.Nd2 dxe4 4.Nxe4 Nd7 5.Nf3 Ngf6 6.Bd3 c5 7.Nxf6+ Nxf6 8.Bg5
Be7 9.O-O cxd4 10.Nxd4 O-O 11.Nf3 Qb6 12.Qe2 Rd8 13.c3 Bd7 14.Ne5 Be8 15.Rad1
h6 16.Bh4 Rd5 17.Bc4 Rxd1 18.Rxd1 Rd8 19.Rd3 Qa5 20.Rg3 Kf8 21.Rf3 Bc6 22.Nxf7
Bxf3 23.gxf3 Rc8 24.Qxe6 Rc6 25.Nd6 Qh5 26.Bxf6 Qg6+ 27.Kf1 gxf6 28.Qd7 Rxd6
29.Qf5 Ke8 {#R} 0-1

[Event "XXVII Paz de Ziganda 2017"]
[Site "masterchessopen.com Villava ESP"]
[Date "2017.03.18"]
[Round "3.2"]
[White "Andres Gonzalez,A"]
[Black "Ortega Lopez,M"]
[Result "1-0"]
[WhiteElo "2511"]
[BlackElo "2245"]

1.Nf3 d5 2.c4 e6 3.g3 Nf6 4.Bg2 c6 5.Qc2 Nbd7 6.O-O Be7 7.d3 O-O 8.Bf4 Re8
9.cxd5 exd5 10.Nc3 Nf8 11.e4 dxe4 12.dxe4 Be6 13.Rfd1 Qa5 14.Nd4 Rad8 15.h3
Qh5 16.g4 Nxg4 17.Nxe6 Nxe6 18.hxg4 Qxg4 19.Be3 Bg5 20.Qe2 Qh4 21.Rxd8 Rxd8
22.Rd1 Re8 23.Rd7 Bxe3 24.Qxe3 Nf4 25.Rxb7 Qg5 26.Qg3 Qe5 27.Qg4 g6 28.Qd7 Rf8
29.Bf3 h5 30.Qe7 Nh3+ 31.Kg2 Nf4+ 32.Kf1 Qa5 33.Rxa7 Qb6 34.Rb7 Qa6+ 35.Be2
Qa5 36.Bc4 {#r} 1-0